000 00729nam a2200193 a 4500
001 000023462
005 20200930022233.0
008 101208s1981 cu ac r 001 e spa d
040 _aDO-SdBNP
_bspa
_cBNPHU
082 _annnn
_bG132g
245 0 0 _aGagarín y Girón :
_bunidos en el recuerdo /
_ccompilación, textos de enlace y notas de Reynaldo González ; edición de María Antonieta Juliá.
260 _aLa Habana :
_bCiencias Sociales,
_c1981.
300 _a89, [12] p. :
_bil., retrs. ;
_c18 cm.
504 _aIncluye referencias bibliográficas y notas al pie de las páginas.
500 _aIncluye índice
700 1 _aGonzález, Reynaldo,
_923528
700 1 _aJuliá, María Antonieta,
_eed.
_942193
049 _aBNGR
999 _c22958
_d22958